| 000 | 004750000a22001690004500 | ||
|---|---|---|---|
| 003 | MACL | ||
| 005 | 20151230173143.0 | ||
| 008 | 151230b xxu||||| |||| 00| 0 eng d | ||
| 040 |
_aMACL _cMACL |
||
| 041 | _aEnglish | ||
| 082 | _a230/PAW | ||
| 100 |
_aJ M Dent & Sons LTD _925350 |
||
| 245 |
_aSacrum Commercium _bThe Converse of Francis and His Sons With Holy poverty |
||
| 260 |
_bJ M Dent & Sons LTD _aLondon |
||
| 650 |
_aChristianity _924229 |
||
| 942 |
_cBK _k230/PAW _2ddc |
||
| 999 |
_c39071 _d39071 |
||